000 00898cam a22003137 4500
001 a3346502
003 DO-SdBNP
005 20180212154926.0
008 080402s2007 sp a | |||| 000 1 spa
015 _a
017 _a
_b
020 _a9788426350039
035 _a(OCoLC)
040 _aBPMSU
_bspa
_cBPMSU
_erdc
041 _aspa
_h
080 _a
100 1 _aHagen, Hans
_d1955-
240 1 3 _aDe Kat en de adelaar
_lEspañol
245 1 0 _aFarid y el gato negro /
_h
_cHans Hagen ; ilustraciones, Philip Hopman ; traducción, Laurence Schröder
250 _a 3ª imp.
260 _aMadrid :
_bEdelvives,
_c2007
300 _a100 p. :
_bil. ;
_c20 cm
490 _aAla delta.
_aSerie azul
_v15
700 1 _aHopman, Philip
830 _aAla delta.
_pSerie azul
_v15
942 _2ddc
_cBK
945 _aInventariado, 2018 / BT
956 _a VMATEO
_b10
_c20170117
_dBPMSU
_f0069
999 _c12492
_d12492